Journaux les plus lus en France - Statistiques

Statistiques générales
  • Ce quiz a été pris 222 fois
  • Le résultat moyen est 5 sur 8
Statistiques - réponses
Ventes quotidiennes Journal % Correct
292 054 Le Monde
92%
321 569 Le Figaro
87%
360 314 Le Parisien / Aujourd'hui en France
74%
91 649 Libération
71%
229 772 L'Equipe
57%
39 384 L'Humanité
45%
100 632 La Croix
36%
129 455 Les Echos
29%
Aucun quiz correspondant
Distribution des résultats
% des personnes avec chaque résultat
Percentile par nombre de réponses
Votre historique - résultats
Vous n’avez pas pris ce quiz